000 00775nam a2200289Ia 4500
005 20260324141226.0
008 008 260324s9999 xx 000 0 eng d
020 _a9781315060675
037 _aEBOOK
040 _aCRL
040 _beng
040 _cCRL
041 _2eng
041 _aeng
084 _qCRL
100 _aTimothy J. Brennan; Karen L. Palmer; Dallas Burtraw; Alan J. Krupnick; Vito Stagliano; Raymond J. Kopp
_91207394
245 2 _aA Shock to the System
245 0 _bRestructuring America's Electricity Industry
260 _bTaylor and Francis
260 _c1997
365 _a
365 _b86.99
856 _uhttp://www.taylorfrancis.com/books/9781315060675
942 _cEBOOK
999 _c1810262
_d1810262